000
00238nam a2200097Ia 4500
008
230907s9999||||xx |||||||||||||| ||und||
082
_a
368
_b
BIG
245
0
_a
Modernizing insurance regulation /
300
_a
xii, 290 pages :
942
_c
BK
999
_c
600119
_d
600119